| 000 | 01007nas a2200361 4500 | ||
|---|---|---|---|
| 001 | BR0404282 | ||
| 003 | BR-BrBNA | ||
| 005 | 20231205104806.0 | ||
| 007 | ta | ||
| 008 | 230509b bl.|||p| |||| 00| 00por d | ||
| 040 |
_aBR-BrBNA _bpor _cBiblioteca Nacional de Agricultura |
||
| 041 | _a(Pt) | ||
| 072 | _aL73; L70 | ||
| 100 | 1 | _aSegabinazi, S.D. | |
| 100 | 1 | _aFlôres, M.L. | |
| 100 | 1 | _aKommers, G.D. | |
| 100 | 1 | _aBarcelos, A. da S. | |
| 100 | 1 | _aVeit, D.C. | |
| 100 | 1 | _aEltz, R.D. | |
| 245 | 1 | _aMegabacteriose em emas (Rhea americana)no Estado do Rio Grande do Sul, Brasil | |
| 650 | _aEMA | ||
| 650 | _aBACTÉRIA | ||
| 650 | _aDIAGNÓSTICO | ||
| 650 | _aMORTALIDADE | ||
| 650 | _aMOELA | ||
| 650 | _aMÉTODO | ||
| 650 | _aHISTOPATOLOGIA | ||
| 650 | _aDOENÇA ANIMAL | ||
| 650 | _aRIO GRANDE DO SUL | ||
| 773 | 0 |
_tCiência Rural (Brazil) _xISSN 0103-8478 _g(May-Jun 2004), v. 34(3) p. 959-960 _wBR0404282 |
|
| 909 |
_a202311 _bLúcia _c55 _dLúcia Elande |
||
| 942 |
_2AGRIS _n0 _cANA |
||
| 999 |
_c179706 _d179706 |
||